Statistiques concernant Focus sur: Amycus Carrow - Harry Potter

Cliquez ici pour prendre le quiz!

Statistiques générales

  • Ce quiz a été pris 119 fois
  • Le résultat moyen est 4 sur 5

Statistiques - réponses

Informations recherchéesRéponses% Correct
SœurAlecto Carrow
97%
Première apparitionHarry Potter et le Prince de Sang-Mêlé
97%
Lieu de rencontre avec Harry PotterTour d'astronomie de Poudlard
97%
Profession (temporairement)Professeur d'art de la Magie Noire
93%
Acteur l'interprétant dans les filmsRalph Ineson
16%

Distribution des résultats

Percentile par nombre de réponses

% des personnes avec chaque résultat

Votre développement - résultats

Vous n’avez pas pris ce quiz